Countries Closest to Antananarivo - Statistics

General Stats
  • This quiz has been taken 110 times
  • The average score is 19 of 20
Answer Stats
Distance (km) Distance (mi) Country % Correct
792 492 Comoros
100%
832 517 Mozambique
100%
2,163 1,344 Lesotho
99%
0 0 Madagascar
99%
1,038 645 Mauritius
99%
975 606 Seychelles
99%
1,714 1,065 South Africa
99%
1,988 1,235 DR Congo
98%
1,804 1,121 Kenya
98%
2,356 1,464 Namibia
98%
1,523 946 Zimbabwe
98%
1,926 1,197 Botswana
96%
1,771 1,100 Eswatini
96%
1,620 1,006 Zambia
96%
1,285 798 Malawi
95%
2,017 1,254 Somalia
95%
1,205 749 Tanzania
95%
547 340 France / Juan de Nova
94%
2,550 1,585 Angola
93%
2,502 1,555 Burundi
91%
No matching quizzes found
Score Distribution
Percent of People with Each Score
Percentile by Number Answered
Your Score History
You have not taken this quiz